[Event "I Scaccomatto A"]
[Site "Torino ITA"]
[Date "1996.12.12"]
[Round "6"]
[White "Minerva, Enzo"]
[Black "Malano, Francesco"]
[Result "1-0"]
[WhiteElo "1767"]
[BlackElo "2080"]
[PlyCount "59"]
[EventDate "1996.12.08"]

1. d4 Nf6 2. c4 e6 3. Nc3 Bb4 4. Qc2 O-O 5. a3 Bxc3+ 6. Qxc3 b6 7. Bg5 Bb7 8.
f3 c5 9. e3 d5 10. dxc5 bxc5 11. Bd3 d4 12. Qc2 h6 13. Bh4 Nc6 14. O-O-O e5 15.
Ne2 Qd6 16. Bg3 Qe7 17. exd4 exd4 18. Rhe1 Nh5 19. Nxd4 Qg5+ 20. f4 Nxf4 21.
Bh7+ Kh8 22. Nf3 Nd3+ 23. Kb1 Nxe1 24. Bxe1 Qf4 25. Bg3 Qf6 26. Rd7 Na5 27. Be5
Qe6 28. Bf5 Qa6 29. Rd6 Qxc4 30. Rxh6+ 1-0

[Event "I Scaccomatto A"]
[Site "Torino ITA"]
[Date "1996.12.12"]
[Round "6"]
[White "Mrdja, Milan"]
[Black "Berg, Klaus"]
[Result "1/2-1/2"]
[WhiteElo "2455"]
[BlackElo "2395"]
[PlyCount "82"]
[EventDate "1996.12.08"]

1. e4 c6 2. d4 d5 3. Nc3 dxe4 4. Nxe4 Bf5 5. Ng3 Bg6 6. Nf3 Nd7 7. h4 h6 8. h5
Bh7 9. Bd3 Bxd3 10. Qxd3 e6 11. Bd2 Ngf6 12. O-O-O Qc7 13. Ne4 O-O-O 14. g3
Nxe4 15. Qxe4 Bd6 16. c4 Nf6 17. Qe2 c5 18. Bc3 cxd4 19. Nxd4 a6 20. Nf3 Rd7
21. Ne5 Bxe5 22. Bxe5 Qa5 23. Bxf6 Rxd1+ 24. Rxd1 gxf6 25. Rd3 Rg8 26. Qf3 f5
27. Qe3 Rg4 28. f4 Rg8 29. a3 Rd8 30. Rxd8+ Qxd8 31. Kc2 Qg8 32. b4 Qg4 33. b5
axb5 34. cxb5 Qxh5 35. Qc5+ Kd7 36. Qd4+ Ke8 37. Qd3 Qh1 38. Kb3 h5 39. a4 Qe4
40. Qc3 Kd7 41. a5 Qb1+ 1/2-1/2

[Event "I Scaccomatto A"]
[Site "Torino ITA"]
[Date "1996.12.12"]
[Round "6"]
[White "Sedina, Elena"]
[Black "Di Donna, Massimo"]
[Result "1/2-1/2"]
[WhiteElo "2345"]
[BlackElo "2150"]
[PlyCount "66"]
[EventDate "1996.12.08"]

1. e4 d6 2. d4 Nf6 3. Bd3 e5 4. c3 d5 5. dxe5 dxe4 6. Bb5+ Bd7 7. Qe2 Bxb5 8.
Qxb5+ Nfd7 9. Qxb7 c6 10. Ne2 Nc5 11. Qxa8 Nd3+ 12. Kf1 Nxc1 13. Nd2 Nxe2 14.
Kxe2 Qd3+ 15. Ke1 Qb5 16. Nc4 Bc5 17. a4 Qb3 18. Nd6+ Bxd6 19. exd6 O-O 20.
Qxa7 Qxb2 21. Rd1 Qxc3+ 22. Kf1 c5 23. d7 Qc4+ 24. Kg1 Nc6 25. Qb6 Qe2 26. d8=Q
Nxd8 27. Qxd8 e3 28. h4 Qxf2+ 29. Kh2 Qf4+ 30. Kh3 Qf5+ 31. Kg3 Qf2+ 32. Kh2
Qf4+ 33. Kh3 Qf5+ 1/2-1/2

[Event "I Scaccomatto A"]
[Site "Torino ITA"]
[Date "1996.12.12"]
[Round "6"]
[White "Smyslov, Vassily V."]
[Black "Vujovic, Milorad"]
[Result "1/2-1/2"]
[WhiteElo "2510"]
[BlackElo "2310"]
[PlyCount "48"]
[EventDate "1996.12.08"]

1. e4 c6 2. d3 d5 3. Nd2 g6 4. f4 dxe4 5. dxe4 Nf6 6. Ngf3 Bg7 7. g3 O-O 8. Bg2
Na6 9. Qe2 Nb4 10. Nb3 b6 11. Nfd4 Ba6 12. Qd2 c5 13. e5 Ng4 14. a3 Nd3+ 15.
cxd3 cxd4 16. Qe2 Nh6 17. Qe4 Rb8 18. Nxd4 Bb7 19. Nc6 Bxc6 20. Qxc6 Qxd3 21.
Qe4 Qa6 22. Qe2 Qa4 23. Qe4 Qa6 24. Qe2 Qa4 1/2-1/2

[Event "I Scaccomatto A"]
[Site "Torino ITA"]
[Date "1996.12.12"]
[Round "6"]
[White "Wohl, Aleksandar H."]
[Black "Arlandi, Ennio"]
[Result "0-1"]
[WhiteElo "2400"]
[BlackElo "2445"]
[PlyCount "58"]
[EventDate "1996.12.08"]

1. Nf3 Nf6 2. b3 d5 3. Bb2 e6 4. c4 Be7 5. g3 O-O 6. Bg2 b6 7. O-O Bb7 8. Ne5
c5 9. d4 Nc6 10. dxc5 bxc5 11. cxd5 exd5 12. Nd3 a5 13. Nc3 Nb4 14. Nf4 Rb8 15.
Na4 d4 16. Bxb7 Rxb7 17. Qc1 Nfd5 18. Nxd5 Qxd5 19. Ba3 Rc8 20. Bxb4 axb4 21.
Nb2 Rc6 22. Nd3 Rh6 23. f4 Ra7 24. Qd2 Rha6 25. Rfc1 Ra3 26. Re1 h5 27. h4 Qa8
28. Nc1 c4 29. Qxd4 Bf6 0-1

[Event "I Scaccomatto A"]
[Site "Torino ITA"]
[Date "1996.12.13"]
[Round "7"]
[White "Finkel, Alexander"]
[Black "Racioppo, Paolo"]
[Result "1-0"]
[WhiteElo "2505"]
[BlackElo "2225"]
[PlyCount "47"]
[EventDate "1996.12.08"]

1. e4 c5 2. c3 d6 3. d4 Nd7 4. f4 e6 5. Nf3 g6 6. Bd3 Bg7 7. O-O Ne7 8. Kh1 Qc7
9. Qe1 b6 10. Na3 a6 11. f5 Nf8 12. f6 Bxf6 13. e5 dxe5 14. dxe5 Bg7 15. Nc4
Ng8 16. Nd6+ Ke7 17. Ng5 f6 18. Ngf7 Nd7 19. exf6+ Ngxf6 20. Bc4 Nf8 21. Bg5
Rg8 22. Qe5 N8d7 23. Qxe6+ Kf8 24. Nh6 1-0

[Event "I Scaccomatto A"]
[Site "Torino ITA"]
[Date "1996.12.13"]
[Round "7"]
[White "Godena, Michele"]
[Black "Nurkic, Sahbaz"]
[Result "1/2-1/2"]
[WhiteElo "2550"]
[BlackElo "2405"]
[PlyCount "46"]
[EventDate "1996.12.08"]

1. e4 g6 2. d4 Bg7 3. Nf3 c6 4. h3 Nf6 5. Bd3 d6 6. O-O O-O 7. Re1 Nbd7 8. c3
e5 9. Nbd2 Qc7 10. a4 b6 11. Nc4 Bb7 12. Bg5 h6 13. Bh4 Rfe8 14. Bc2 Rad8 15.
dxe5 Nxe5 16. Nfxe5 dxe5 17. Qf3 Qe7 18. Bb3 Bc8 19. Ba2 Rd7 20. Bg3 Nh7 21.
Qe2 Red8 22. Red1 Rxd1+ 23. Rxd1 Be6 1/2-1/2

[Event "I Scaccomatto A"]
[Site "Torino ITA"]
[Date "1996.12.13"]
[Round "7"]
[White "Lanzani, Mario"]
[Black "Smyslov, Vassily V."]
[Result "1/2-1/2"]
[WhiteElo "2355"]
[BlackElo "2510"]
[PlyCount "124"]
[EventDate "1996.12.08"]

1. e4 e6 2. d4 d5 3. Nc3 Bb4 4. e5 Qd7 5. h4 b6 6. h5 h6 7. Qg4 Bf8 8. Bb5 c6
9. Ba4 b5 10. Bb3 a5 11. a4 b4 12. Nce2 Ba6 13. Rh3 Ne7 14. c3 c5 15. dxc5 Nbc6
16. Qf4 Qc7 17. Nd4 Qxe5+ 18. Qxe5 Nxe5 19. Nb5 Kd7 20. Bf4 N7c6 21. O-O-O Kc8
22. Nf3 Nxf3 23. Rxf3 Bxc5 24. Bd6 Bxb5 25. Bxc5 Be2 26. Rxf7 Bxd1 27. Kxd1
bxc3 28. bxc3 Rb8 29. Bc2 Rb7 30. Rf3 Rd8 31. Kc1 Kb8 32. Rg3 Rf7 33. Rg6 Re8
34. Bd3 Kc7 35. Bb5 Kb7 36. f4 Rc8 37. Rxe6 Rf6 38. Re3 Rxf4 39. Rg3 Rf7 40.
Rg6 Rcc7 41. Bd6 Ne7 42. Re6 Rf6 43. Ba6+ Kxa6 44. Rxf6 Rxc3+ 45. Kd2 Rc6 46.
Rf7 Rxd6 47. Rxe7 g6 48. Kd3 gxh5 49. Kd4 Kb6 50. Rh7 h4 51. Rg7 Rc6 52. Kxd5
Rc5+ 53. Kd4 Rg5 54. Rh7 Rg4+ 55. Kc3 Kc5 56. Rxh6 Rg3+ 57. Kb2 Rxg2+ 58. Kb3
Rg3+ 59. Kb2 h3 60. Rh5+ Kc4 61. Rxa5 Rg2+ 62. Ka3 Rg3+ 1/2-1/2

[Event "I Scaccomatto A"]
[Site "Torino ITA"]
[Date "1996.12.13"]
[Round "7"]
[White "Ranieri, Fabrizio"]
[Black "Wohl, Aleksandar H."]
[Result "0-1"]
[WhiteElo "2113"]
[BlackElo "2400"]
[PlyCount "78"]
[EventDate "1996.12.08"]

1. e4 Nf6 2. e5 Nd5 3. d4 d6 4. exd6 cxd6 5. Nf3 g6 6. Be2 Bg7 7. O-O O-O 8. c3
Nc6 9. Re1 h6 10. Nbd2 e5 11. dxe5 dxe5 12. Bc4 Nb6 13. Bb3 Kh8 14. Nf1 Qc7 15.
Be3 Bg4 16. h3 Rad8 17. Qe2 Bc8 18. Bc5 Rfe8 19. Bxb6 axb6 20. Ne3 e4 21. Nd5
Qd6 22. Nd2 f5 23. Rad1 Ne5 24. Nc4 Nxc4 25. Bxc4 f4 26. Nb4 Qf6 27. Rxd8 Qxd8
28. Bf7 Re5 29. Rd1 Qg5 30. Qd2 Bf6 31. Kh2 e3 32. Qe2 exf2 33. Qxf2 Re3 34.
Nd5 Be5 35. Kh1 Rg3 36. Nxf4 Qxf4 37. Qxb6 Rxh3+ 38. Kg1 Rh1+ 39. Kxh1 Qh2# 0-1

[Event "I Scaccomatto A"]
[Site "Torino ITA"]
[Date "1996.12.14"]
[Round "8"]
[White "Mikhalevski, Victor"]
[Black "Crea, Vincenzo"]
[Result "1-0"]
[WhiteElo "2500"]
[BlackElo "2195"]
[PlyCount "41"]
[EventDate "1996.12.08"]

1. d4 d5 2. c4 e6 3. Nf3 Nf6 4. Nc3 c6 5. Bg5 Nbd7 6. cxd5 exd5 7. Qc2 Be7 8.
e3 Nf8 9. Bd3 g6 10. h4 h5 11. O-O-O Be6 12. Bxf6 Bxf6 13. e4 a6 14. Kb1 Qa5
15. exd5 cxd5 16. Rhe1 Kd8 17. Qb3 Kc7 18. Ne5 Rd8 19. Rc1 Bxe5 20. Na4+ Kb8
21. Nc5 1-0

[Event "I Scaccomatto A"]
[Site "Torino ITA"]
[Date "1996.12.14"]
[Round "8"]
[White "Sedina, Elena"]
[Black "Costantino, Giampaolo"]
[Result "1-0"]
[WhiteElo "2345"]
[BlackElo "2165"]
[PlyCount "47"]
[EventDate "1996.12.08"]

1. e4 c6 2. d4 d5 3. Nd2 dxe4 4. Nxe4 Bf5 5. Ng3 Bg6 6. N1e2 Nf6 7. Nf4 Nbd7 8.
h4 e5 9. dxe5 Nxe5 10. Qe2 Qe7 11. Nxg6 hxg6 12. Bd2 O-O-O 13. O-O-O Nd5 14.
Ne4 Kb8 15. g3 Ka8 16. Bg2 Qc7 17. Nc3 Nxc3 18. Bxc3 f6 19. Rxd8+ Qxd8 20. Rd1
Qb8 21. f4 Nf7 22. Rd7 Nh6 23. Bxc6 bxc6 24. Qa6 1-0

[Event "I Scaccomatto A"]
[Site "Torino ITA"]
[Date "1996.12.14"]
[Round "8"]
[White "Vujovic, Milorad"]
[Black "Godena, Michele"]
[Result "0-1"]
[WhiteElo "2310"]
[BlackElo "2550"]
[PlyCount "84"]
[EventDate "1996.12.08"]

1. c4 e5 2. g3 Nc6 3. Bg2 g6 4. Nc3 Bg7 5. Rb1 Nf6 6. a3 O-O 7. b4 Re8 8. d3
Ne7 9. Nf3 d6 10. O-O h6 11. Bd2 Be6 12. c5 Nd7 13. cxd6 cxd6 14. Rc1 Nb6 15.
Nb5 Nc6 16. a4 a6 17. Na3 d5 18. a5 Nc8 19. Rb1 Nd6 20. Ne1 Qd7 21. Nec2 e4 22.
Bf4 Ne5 23. Na1 exd3 24. exd3 Bg4 25. f3 Bf5 26. Bxe5 Bxe5 27. Nb3 Nb5 28. Nxb5
Qxb5 29. Nc1 Bd4+ 30. Kh1 Re3 31. Qd2 Rae8 32. Rd1 h5 33. h3 Qd7 34. Kh2 Qc7
35. h4 Bf6 36. f4 Bxh4 37. Rf1 Bxg3+ 38. Kg1 Bxf4 39. Nb3 Bxd3 40. Rbd1 Qe5 41.
Nc5 Bxf1 42. Rxf1 Rf3 0-1

[Event "VI C.to Mondiale seniores"]
[Site "Bad Liebenzell GER"]
[Date "1996.11.??"]
[Round "1"]
[White "Neri, Angelo"]
[Black "Nowotny, Heinz"]
[Result "1-0"]
[WhiteElo "1788"]
[BlackElo "2255"]
[PlyCount "79"]
[EventDate "1996.11.10"]

1. e4 Nf6 2. Qe2 e5 3. Nf3 Nc6 4. d3 d6 5. Nc3 Bg4 6. Be3 Be7 7. h3 Bh5 8. g4
Bg6 9. O-O-O h6 10. Qd2 Qd7 11. Be2 O-O-O 12. Nd5 Kb8 13. Kb1 Qe6 14. c4 Nh7
15. Ka1 Bf6 16. Rdg1 b6 17. h4 h5 18. g5 Be7 19. Bf1 Qd7 20. Bh3 Qe8 21. Ne1
Nf8 22. Nc2 Ne6 23. f4 exf4 24. Nxf4 Nxf4 25. Bxf4 Ne5 26. Rf1 f6 27. Nd4 Ng4
28. Ne6 Rd7 29. Nxg7 Qg8 30. Nf5 Bxf5 31. exf5 fxg5 32. hxg5 Bd8 33. Qg2 Rg7
34. g6 Nf6 35. Qf3 Nd7 36. Bg2 d5 37. cxd5 Kc8 38. d6 Nb8 39. Qb7+ Kd7 40. dxc7
1-0

[Event "VI C.to Mondiale seniores"]
[Site "Bad Liebenzell GER"]
[Date "1996.11.??"]
[Round "2"]
[White "Di Liberto, Giorgio"]
[Black "Fronczek, Heinrich"]
[Result "1/2-1/2"]
[WhiteElo "1935"]
[BlackElo "2275"]
[PlyCount "70"]
[EventDate "1996.11.10"]

1. e4 c5 2. Nf3 Nc6 3. d4 cxd4 4. Nxd4 Nf6 5. Nc3 Rb8 6. Be2 d6 7. Bg5 Qb6 8.
Nxc6 bxc6 9. O-O Qa5 10. Qd2 Rxb2 11. Rab1 Rxb1 12. Rxb1 Nd7 13. f4 g6 14. Bg4
Qc7 15. Qd4 e5 16. Qc4 Nb6 17. Nb5 Qb7 18. Bxc8 Nxc8 19. Nc3 Nb6 20. Bf6 Rg8
21. fxe5 dxe5 22. Qb3 Bc5+ 23. Kh1 Bd4 24. Na4 g5 25. c3 Rg6 26. cxd4 Rxf6 27.
dxe5 Rf2 28. Nc5 Qe7 29. Nd3 Re2 30. Qc3 Rxa2 31. Nb4 Ra5 32. Qxc6+ Qd7 33. Qf6
Rb5 34. h3 a5 35. Qh8+ Ke7 1/2-1/2

[Event "VI C.to Mondiale seniores"]
[Site "Bad Liebenzell GER"]
[Date "1996.11.??"]
[Round "3"]
[White "Lieb, Harald"]
[Black "Di Liberto, Giorgio"]
[Result "1-0"]
[WhiteElo "2235"]
[BlackElo "1935"]
[PlyCount "69"]
[EventDate "1996.11.10"]

1. d4 Nf6 2. c4 e5 3. dxe5 Ne4 4. Nd2 Bb4 5. Ngf3 d6 6. a3 Bxd2+ 7. Bxd2 dxe5
8. Nxe5 Qd4 9. Nd3 Be6 10. e3 Qf6 11. Rc1 Nc6 12. Qf3 Qg6 13. Nf4 Nxd2 14.
Qxc6+ bxc6 15. Nxg6 hxg6 16. Kxd2 Bf5 17. Be2 c5 18. Kc3 a5 19. Bf3 O-O-O 20.
Rcd1 Rd6 21. Rd5 Kb8 22. e4 Rxd5 23. cxd5 Bd7 24. Kc4 Ka7 25. Kxc5 Rb8 26. b4
Bb5 27. Re1 Ba4 28. Bd1 Bd7 29. e5 Rb5+ 30. Kc4 Rb6 31. Kc3 axb4+ 32. axb4 Ra6
33. Bb3 Bb5 34. e6 f6 35. Bc4 1-0

[Event "VI C.to Mondiale seniores"]
[Site "Bad Liebenzell GER"]
[Date "1996.11.??"]
[Round "3"]
[White "Neri, Angelo"]
[Black "Arkhangelsky, Boris"]
[Result "1-0"]
[WhiteElo "1788"]
[BlackElo "2380"]
[PlyCount "65"]
[EventDate "1996.11.10"]

1. e4 c5 2. d4 cxd4 3. Qxd4 Nc6 4. Qd1 Nf6 5. Nc3 d6 6. Nf3 a6 7. Bg5 e6 8. Be2
Be7 9. Qd2 b5 10. a3 Bb7 11. Rd1 Qc7 12. Bxf6 gxf6 13. O-O O-O-O 14. Kh1 Na5
15. Qe3 Nc4 16. Bxc4 Qxc4 17. Nd2 Qc5 18. Rfe1 Rhg8 19. Nb3 Qxe3 20. Rxe3 f5
21. f3 fxe4 22. Nxe4 Kc7 23. Na5 Ba8 24. b4 Rg6 25. Rc3+ Kb6 26. Rcd3 d5 27. c4
dxe4 28. Rxd8 Bxd8 29. Rxd8 exf3 30. Rxa8 f2 31. c5+ Kc7 32. Ra7+ Kc8 33. Rxf7
1-0

[Event "VI C.to Mondiale seniores"]
[Site "Bad Liebenzell GER"]
[Date "1996.11.??"]
[Round "4"]
[White "Suetin, Alexey Stepanovich"]
[Black "Neri, Angelo"]
[Result "1-0"]
[WhiteElo "2420"]
[BlackElo "1788"]
[PlyCount "49"]
[EventDate "1996.11.10"]

1. c4 f5 2. Nc3 Nf6 3. d3 g6 4. e4 fxe4 5. dxe4 d6 6. Be2 Bg7 7. h4 Be6 8. Nh3
Bxh3 9. Rxh3 Nc6 10. h5 Qd7 11. Bg5 O-O-O 12. h6 Bf8 13. f4 Qe8 14. Bf3 Nd7 15.
Qd2 Qf7 16. b3 Re8 17. e5 dxe5 18. Bxc6 bxc6 19. O-O-O e6 20. Ne4 Ba3+ 21. Kc2
Nb6 22. Bf6 Rhg8 23. fxe5 Kb7 24. Ng5 Qf8 25. Nxh7 1-0

[Event "VI C.to Mondiale seniores"]
[Site "Bad Liebenzell GER"]
[Date "1996.11.??"]
[Round "5"]
[White "Neri, Angelo"]
[Black "Bouwmeester, Hans"]
[Result "0-1"]
[WhiteElo "1788"]
[BlackElo "2410"]
[PlyCount "76"]
[EventDate "1996.11.10"]

1. e4 c5 2. Nf3 d6 3. d4 cxd4 4. Nxd4 Nf6 5. Nc3 Nc6 6. Be2 e5 7. Nf3 h6 8. Be3
Be7 9. Qd2 Be6 10. Rd1 O-O 11. O-O a6 12. Ne1 Rc8 13. f4 exf4 14. Bxf4 Ne5 15.
Bxe5 dxe5 16. Qxd8 Bc5+ 17. Kh1 Rfxd8 18. Rxd8+ Rxd8 19. Nd3 Bd4 20. Bf3 Rc8
21. Rb1 Bxc3 22. bxc3 Rxc3 23. Rxb7 Rxc2 24. Rb2 Rxb2 25. Nxb2 Bxa2 26. Nd3 Nd7
27. Bg4 Bb1 28. Nb4 Nc5 29. Be2 a5 30. Nc6 a4 31. Nxe5 a3 32. Bc4 Ne6 33. Nf3
a2 34. Bxa2 Bxa2 35. Nd2 Nc5 36. Kg1 Nb3 37. Nf3 Bb1 38. e5 Be4 0-1

[Event "VI C.to Mondiale seniores"]
[Site "Bad Liebenzell GER"]
[Date "1996.11.??"]
[Round "6"]
[White "Ousatchij, Mark"]
[Black "Di Liberto, Giorgio"]
[Result "1-0"]
[WhiteElo "2280"]
[BlackElo "1935"]
[PlyCount "83"]
[EventDate "1996.11.10"]

1. d4 d5 2. c4 e6 3. Nc3 Nf6 4. cxd5 exd5 5. Bf4 Bb4 6. Qc2 O-O 7. Nf3 Nc6 8.
e3 Bg4 9. Bd3 Bh5 10. Ne5 Bg6 11. Nxg6 hxg6 12. Bg5 Re8 13. O-O Bd6 14. Be2 Nb4
15. Qb3 Qd7 16. a3 Nh7 17. Bh4 g5 18. Bg3 Bxg3 19. hxg3 Nc6 20. Bf3 Ne7 21.
Nxd5 c6 22. Nxe7+ Rxe7 23. Rac1 g4 24. Be2 Rd8 25. Bd3 Ng5 26. Qc2 g6 27. Qc5
f5 28. Rfd1 Kg7 29. Qxa7 Rh8 30. Qc5 Rh5 31. d5 cxd5 32. Bb5 Qe6 33. Qxd5 Qxd5
34. Rxd5 f4 35. Rd7 Kf6 36. Rxe7 Kxe7 37. exf4 Nf3+ 38. gxf3 Rxb5 39. b4 gxf3
40. Rc3 Kf6 41. Rxf3 Kf5 42. Re3 1-0

[Event "VI C.to Mondiale seniores"]
[Site "Bad Liebenzell GER"]
[Date "1996.11.??"]
[Round "7"]
[White "Di Liberto, Giorgio"]
[Black "Nadenau, Oskar"]
[Result "1/2-1/2"]
[WhiteElo "1935"]
[BlackElo "2105"]
[PlyCount "48"]
[EventDate "1996.11.10"]

1. e4 g6 2. d4 Bg7 3. c3 d5 4. e5 Nh6 5. Be2 O-O 6. Nf3 f6 7. O-O Nc6 8. exf6
exf6 9. Re1 Nf7 10. Na3 Re8 11. Bf4 a6 12. b4 Nd6 13. Nd2 Ne7 14. Bf3 c6 15.
Qb3 g5 16. Bxd6 Qxd6 17. Bh5 Rf8 18. Ne4 Qc7 19. Nc5 Ng6 20. Bxg6 hxg6 21. Ne6
Bxe6 22. Rxe6 Rfe8 23. Rae1 Rxe6 24. Rxe6 Qd7 1/2-1/2

[Event "XVII C.to Italiano UISP A"]
[Site "Montecatini Terme ITA"]
[Date "1996.12.??"]
[Round "1"]
[White "Accardo, Francesco"]
[Black "Fabiano, Giuseppe"]
[WhiteElo "2070"]
[BlackElo "2240"]
[Result "0-1"]
[PlyCount "76"]
[EventDate "1996.12.04"]

1. e4 e5 2. Nf3 d6 3. Bc4 Nf6 4. Nc3 Be7 5. d4 Nbd7 6. a4 O-O 7. h3 c6 8. O-O
b6 9. Re1 a6 10. Bf1 Bb7 11. b4 Re8 12. Rb1 Rb8 13. Bd2 Bf8 14. Bg5 Qc7 15. Bd3
exd4 16. Nxd4 c5 17. Nf5 c4 18. Bf1 Nxe4 19. Nxe4 Bxe4 20. Ne3 b5 21. f3 Bc6
22. Qd4 Qb6 23. Qg4 Ne5 24. Qg3 Ng6 25. axb5 axb5 26. f4 Be4 27. Kh1 d5 28. f5
Bd6 29. Qf2 Ne5 30. f6 g6 31. h4 d4 32. h5 dxe3 33. Bxe3 Qc6 34. Qh4 Bxc2 35.
hxg6 Nxg6 36. Qh6 Bf8 37. Qg5 Bxb1 38. Rxb1 Qe4 0-1

[Event "XVII C.to Italiano UISP A"]
[Site "Montecatini Terme ITA"]
[Date "1996.12.??"]
[Round "1"]
[White "Adinolfi, Vincenzo"]
[Black "Valori, Vincenzo"]
[WhiteElo "2165"]
[BlackElo "1902"]
[Result "1/2-1/2"]
[PlyCount "74"]
[EventDate "1996.12.04"]

1. c4 Nf6 2. Nc3 g6 3. Nf3 Bg7 4. d4 O-O 5. e4 d6 6. h3 e5 7. Be3 c6 8. Be2 Re8
9. dxe5 dxe5 10. Qc2 Qc7 11. O-O Be6 12. Rfd1 Nbd7 13. Ng5 Nf8 14. Bc5 N6d7 15.
Bd6 Qd8 16. Nf3 Qf6 17. b4 g5 18. Nh2 Ng6 19. Ng4 Bxg4 20. Bxg4 Ndf8 21. Bc5
Ne6 22. Bxe6 Qxe6 23. Ne2 Bf8 24. Bxf8 Rxf8 25. Rd2 Rfd8 26. Rad1 Rxd2 27. Rxd2
Qe7 28. c5 Rd8 29. Ng3 Nh4 30. Qd1 Rxd2 31. Qxd2 Kf8 32. Nf1 Ke8 33. Ne3 Qd7
34. Qxd7+ Kxd7 35. Nc4 f6 36. f3 Ng6 37. g3 h5 1/2-1/2

[Event "XVII C.to Italiano UISP A"]
[Site "Montecatini Terme ITA"]
[Date "1996.12.??"]
[Round "1"]
[White "Arnetta, Benedetto"]
[Black "Beggi, Pierluigi"]
[WhiteElo "1609"]
[BlackElo "2220"]
[Result "1/2-1/2"]
[PlyCount "54"]
[EventDate "1996.12.04"]

1. e4 c5 2. Nf3 Nc6 3. d4 cxd4 4. Nxd4 Nf6 5. Nc3 d6 6. Be2 e6 7. O-O Be7 8.
Kh1 Bd7 9. f4 O-O 10. f5 Nxd4 11. Qxd4 Qa5 12. Bd2 Qe5 13. Qxe5 dxe5 14. Bd3
Bc5 15. Rf3 exf5 16. exf5 Bc6 17. Rg3 Bf2 18. Rh3 Rad8 19. Bg5 Rd4 20. Bxf6
gxf6 21. Rf1 Bh4 22. Re3 Rfd8 23. Ne4 Bxe4 24. Rxe4 Bg5 25. g3 Bd2 26. Rf2 Bc1
27. b3 b6 1/2-1/2

[Event "XVII C.to Italiano UISP A"]
[Site "Montecatini Terme ITA"]
[Date "1996.12.??"]
[Round "1"]
[White "Bini, Lorenzo"]
[Black "Passerotti, Pierluigi"]
[WhiteElo "2200"]
[BlackElo "2290"]
[Result "0-1"]
[PlyCount "114"]
[EventDate "1996.12.04"]

1. b3 e5 2. Bb2 Nc6 3. e3 Nf6 4. Bb5 d6 5. d4 Bd7 6. Ne2 exd4 7. Nxd4 Be7 8.
Nd2 O-O 9. Nxc6 Bxc6 10. Bxc6 bxc6 11. O-O Nd7 12. Qf3 c5 13. Ne4 f5 14. Ng3 g6
15. Qd5+ Rf7 16. c4 Bf6 17. Bxf6 Nxf6 18. Qd3 Qe8 19. Rad1 Qe5 20. h3 a5 21. f4
Qe6 22. Rfe1 Re7 23. Rd2 a4 24. Rde2 axb3 25. axb3 Ne4 26. Nxe4 Qxe4 27. Qc3
Qb7 28. g4 Qf3 29. gxf5 Qg3+ 30. Rg2 Qxh3 31. fxg6 h6 32. Qf6 Rae8 33. g7 Rxe3
34. Rxe3 Qxe3+ 35. Kh2 Qe6 36. Qh4 Re7 37. Qg3 Qf6 38. Qg4 Rxg7 39. Qc8+ Kh7
40. Rxg7+ Qxg7 41. f5 Qb2+ 42. Kg1 Qc1+ 43. Kg2 Qc2+ 44. Kh1 Qd1+ 45. Kg2 Qe2+
46. Kg3 Qe3+ 47. Kg4 Qe7 48. Kf3 Kg7 49. Kf4 Qe5+ 50. Kg4 Qe4+ 51. Kg3 Qe3+ 52.
Kg4 Qg1+ 53. Kf4 Qd4+ 54. Kg3 Qe5+ 55. Kg4 Qe7 56. Kf4 h5 57. Kg3 Kf6 0-1

[Event "XVII C.to Italiano UISP A"]
[Site "Montecatini Terme ITA"]
[Date "1996.12.??"]
[Round "1"]
[White "Caposciutti, Maurizio"]
[Black "Nannelli, Paolo"]
[WhiteElo "2305"]
[BlackElo "2265"]
[Result "1-0"]
[PlyCount "59"]
[EventDate "1996.12.04"]

1. Nf3 Nf6 2. c4 g6 3. b3 Bg7 4. Bb2 O-O 5. g3 d6 6. d4 e5 7. dxe5 Ng4 8. Bg2
Nxe5 9. Nc3 Nxf3+ 10. Bxf3 Nc6 11. Bg2 Bd7 12. O-O a6 13. Qd2 Rb8 14. Nd5 f6
15. Rfe1 Ne5 16. Rac1 Bf5 17. f4 Nf7 18. e4 Bg4 19. Rf1 c6 20. Ne3 Be6 21. Bc3
f5 22. Rce1 Bxc3 23. Qxc3 Qb6 24. Kh1 fxe4 25. Bxe4 Bh3 26. Bg2 Bxg2+ 27. Kxg2
Rbe8 28. Ng4 Rxe1 29. Rxe1 Qd8 30. Nf6+ 1-0

[Event "XVII C.to Italiano UISP A"]
[Site "Montecatini Terme ITA"]
[Date "1996.12.??"]
[Round "1"]
[White "Corvi, Marco"]
[Black "Vignato, Giovanni"]
[WhiteElo "2185"]
[BlackElo "2105"]
[Result "1-0"]
[PlyCount "41"]
[EventDate "1996.12.04"]

1. c4 c5 2. Nc3 Nf6 3. Nf3 e6 4. g3 b6 5. Bg2 Bb7 6. O-O Be7 7. d4 cxd4 8. Qxd4
O-O 9. Rd1 d6 10. b3 a6 11. Ba3 Ne8 12. e4 Nd7 13. e5 Nc5 14. b4 Nd7 15. exd6
Nxd6 16. c5 Rc8 17. Rac1 bxc5 18. bxc5 Bxf3 19. Bxf3 e5 20. Qd5 Nf6 21. Qb3 1-0

[Event "XVII C.to Italiano UISP A"]
[Site "Montecatini Terme ITA"]
[Date "1996.12.??"]
[Round "1"]
[White "Efimov, Igor"]
[Black "Cecconi, Giovanni Alberto"]
[WhiteElo "2510"]
[BlackElo "2215"]
[Result "1-0"]
[PlyCount "51"]
[EventDate "1996.12.04"]

1. d4 Nf6 2. c4 c5 3. d5 b5 4. cxb5 a6 5. bxa6 g6 6. g3 d6 7. Bg2 Bg7 8. Nh3
O-O 9. Nf4 Nxa6 10. h4 h5 11. Bd2 Qb6 12. Bc3 Nb4 13. a4 Bf5 14. Na3 Qa6 15. b3
Qb7 16. O-O Rfb8 17. Re1 Ng4 18. Bxg7 Kxg7 19. e4 Bd7 20. Nc4 Ne5 21. Re3 Nxc4
22. bxc4 Qa6 23. Qd2 Bxa4 24. Rea3 Nc2 25. Qxc2 Bxc2 26. Rxa6 1-0

[Event "XVII C.to Italiano UISP A"]
[Site "Montecatini Terme ITA"]
[Date "1996.12.??"]
[Round "1"]
[White "Falchetta, Giovanni"]
[Black "Maran, Walter"]
[WhiteElo "2205"]
[BlackElo "1701"]
[Result "1/2-1/2"]
[PlyCount "51"]
[EventDate "1996.12.04"]

1. d4 e6 2. Nf3 d5 3. Bf4 Nf6 4. e3 Bd6 5. Bd3 Bxf4 6. exf4 c5 7. dxc5 Qa5+ 8.
c3 Qxc5 9. O-O Nc6 10. Nbd2 O-O 11. Qe2 Qb6 12. Nb3 Qc7 13. a3 b6 14. Rfe1 Bb7
15. Rad1 h6 16. Nbd4 Rfe8 17. Nxc6 Bxc6 18. Nd4 Bd7 19. f3 a5 20. Kf2 Kf8 21.
Qe5 Ra7 22. Rd2 Qxe5 23. Rxe5 Rc7 24. Re3 Rc5 25. a4 g6 26. Rde2 1/2-1/2

[Event "XVII C.to Italiano UISP A"]
[Site "Montecatini Terme ITA"]
[Date "1996.12.??"]
[Round "1"]
[White "Iatrino, Vincenzo"]
[Black "Samaritani, Fabio"]
[WhiteElo "1971"]
[BlackElo "2220"]
[Result "0-1"]
[PlyCount "142"]
[EventDate "1996.12.04"]

1. e4 c5 2. Nf3 d6 3. d4 cxd4 4. Nxd4 Nf6 5. Nc3 g6 6. f3 Bg7 7. Be3 O-O 8. Bc4
Nc6 9. Qd2 Bd7 10. O-O-O Qa5 11. Bb3 Rfc8 12. h4 Ne5 13. h5 Nxh5 14. g4 Nf6 15.
Bh6 Bxh6 16. Qxh6 Rxc3 17. bxc3 Qxc3 18. g5 Qa1+ 19. Kd2 Qxd4+ 20. Kc1 Qe3+ 21.
Kb1 Nh5 22. Rxh5 gxh5 23. Rh1 Qxf3 24. Rxh5 Qxe4 25. g6 Qxg6 26. Rg5 Bf5 27.
Rxg6+ hxg6 28. Qg5 Nc6 29. Qg2 Rc8 30. Qd5 Be6 31. Qb5 Bxb3 32. cxb3 Rc7 33.
Kb2 Kg7 34. Qd3 Ne5 35. Qd4 b6 36. Kb1 Rd7 37. Qc3 f6 38. Qc8 d5 39. Kc2 Rd6
40. Qb7 Nc6 41. Kd2 Kf7 42. Qc8 Nd8 43. Qc7 a5 44. Qc8 Ne6 45. Qh8 d4 46. Qh7+
Ng7 47. Qh4 e5 48. Qe4 Nf5 49. Qb7+ Ne7 50. Qh1 Kg7 51. Qb7 Re6 52. Qd7 Kf7 53.
Qd8 Rc6 54. Qh8 e4 55. Qh7+ Ke6 56. Qh3+ f5 57. Qh8 Rd6 58. Qh2 d3 59. Qg3 Rc6
60. Kd1 Kf7 61. Qe5 Re6 62. Qd4 f4 63. Qf2 g5 64. Qh2 Ng6 65. Qh7+ Kf6 66. Qd7
g4 67. Qd8+ Kf7 68. Qc7+ Re7 69. Qc4+ Kg7 70. Qd4+ Kh6 71. Qg1 e3 0-1

[Event "XVII C.to Italiano UISP A"]
[Site "Montecatini Terme ITA"]
[Date "1996.12.??"]
[Round "1"]
[White "Lucaroni, Massimiliano"]
[Black "Travaglini, Alberto"]
[WhiteElo "2265"]
[BlackElo "2021"]
[Result "1-0"]
[PlyCount "73"]
[EventDate "1996.12.04"]

1. e4 c5 2. Nc3 Nc6 3. Nf3 d6 4. d4 cxd4 5. Nxd4 Nf6 6. Be2 a6 7. O-O e6 8. Be3
Be7 9. f4 Qc7 10. Kh1 Bd7 11. Qe1 O-O 12. Qg3 Rfe8 13. Rae1 Bf8 14. a3 Kh8 15.
Bd3 Nxd4 16. Bxd4 e5 17. fxe5 dxe5 18. Nd5 Qd6 19. Bc3 Nxd5 20. exd5 f6 21. Qh4
h6 22. Qe4 f5 23. Rxf5 Bxf5 24. Qxf5 g6 25. Qxg6 Qxg6 26. Bxg6 Bg7 27. Bxe8
Rxe8 28. Kg1 e4 29. Bxg7+ Kxg7 30. Kf2 Kf6 31. Ke3 Rc8 32. c3 Ke5 33. Rd1 Rd8
34. Rd4 Rxd5 35. Rxd5+ Kxd5 36. g4 a5 37. a4 1-0